000 00581nam a22002297a 4500
003 UA-OsUOA
001 70525
007 ta
008 20100906b un ||||| |||| 00| 0 ukr d
100 _aФрестье Жан
090 _a82.09(44)
_bФ87
942 _cBK
040 _aUA-OsUOA
_brus
_cUA-OsUOA
_dUA-OsUOA
245 _aПроспер Мериме
300 _a314 с.
955 _a3
041 _arus
080 _a82.09(44)
260 _aМ.
_bРадуга
_c1987
650 7 _a82 Література. Літературознавство
_2UDC
999 _c356795
_d356795